000 00416nam a2200169Ia 4500
008 230711s9999||||xx |||||||||||||| ||und||
020 _a9790000000000
041 _aENG
082 _a631.405
_bKU-S
100 _aKumar, Vijay
245 0 _aPractical Manual of soil Science
260 _c2018
_aNew Delhi
_bBrillion Publishing
300 _a106p.
650 _aAgriculture
700 _aKumar, Rakesh
942 _cBK
999 _c7598
_d7598